000 00834cab a2200277 4500
001 WB3511-14
008 090401t1999 xxu||||| |||| 00| 0 eng d
035 _a(Sirsi) u92229
041 _aeng
245 _aAll change for the city
260 _c1999
350 _a0
490 _aFinancial Times
_v19 March 1999, 28(1)
520 _aConsiders the steps the Corporation of London is planning to take to ensure London remains the financial capital of Europe.
650 _aCITY OF LONDON
650 _aCORPORATION OF LONDON
650 _aFINANCIAL CENTRES
650 _aFINANCIAL INSTITUTIONS
650 _aFINANCIAL SERVICES INDUSTRY
650 _aHIGH RISE BUILDINGS
650 _aOFFICE DEVELOPMENT
650 _aPLANNING POLICY
690 _aPROPERTY-PROPERTY DEVELOPMENT
942 _n0
948 _c19/03/1999
999 _c58477
_d58477